00717 a2200193 4500001000700000003000400007005001700011008004100028082001900069100003200088245005800120260002900178300001000207690014200217700002500359942001200384999001300396952011400409066469OSt20210929103041.0  a363.6068bH19H1 aHandbook utility management1 aHandbook utility managementcedited by Andreas Bausch aNew YorkbSpringerc2009 a808p. aBusiness planning; Economics; Engineering economy; Industrial management; Public utilities--Management; Electric utilities; Gas companies aBausch, Andreas, ed. 2ddccBK c519d519 00102ddc40708TXBaCURAJbCURAJd2012-03-07eMGMg10933.00o363.6068 H19Hp755r2024-11-21w2020-09-02yBK